| 000 | 00412pab a2200169 454500 | ||
|---|---|---|---|
| 008 | 180718b1974 xxu||||| |||| 00| 0 eng d | ||
| 100 | _aRaghaviah, Y. | ||
| 245 | _aTraining municipal administrators: Some problems and prospects | ||
| 260 | _c1974 | ||
| 300 | _ap.10-16. | ||
| 362 | _aOct-Dec | ||
| 650 | _aLocal government | ||
| 650 | _aTraining | ||
| 773 | _aNagarlok | ||
| 908 | _aN | ||
| 909 | _a102575 | ||
| 999 |
_c102573 _d102573 |
||